Hear Me Now - Alok, Zeeba & Bruno Martini - All Lyrics - Statistics

General Stats
  • This quiz has been taken 4 times
  • The average score is 147 of 196
Answer Stats
Answer % Correct
a
100%
All
100%
get
100%
hear
100%
I
100%
If
100%
learn
100%
Leave
100%
lights
100%
me
100%
no
100%
now
100%
stronger
100%
The
100%
the
100%
things
100%
to
100%
way
100%
when
100%
you
100%
always
50%
away
50%
cool
50%
don't
50%
Don't
50%
easy,
50%
Just
50%
just
50%
know
50%
make
50%
not
50%
out
50%
right,
50%
show
50%
so
50%
speak
50%
your
50%
You're
50%
And
0%
aren't
0%
aside,
0%
believe
0%
excuses
0%
fade
0%
fears
0%
guide
0%
hard
0%
how
0%
it
0%
keep
0%
let
0%
mind,
0%
never
0%
oh
0%
older,
0%
shoulders
0%
shrug
0%
slide
0%
sound
0%
will
0%
you'll
0%
You'll
0%
No matching quizzes found
Score Distribution
Percent of People with Each Score
Percentile by Number Answered
Your Score History
You have not taken this quiz